Países que dividem a mesma ilha - Statistics

Estatísticas Gerais
  • Esse quiz foi jogado 59 vezes
  • A pontuação média é 17 de 21
Estatísticas das Respostas
Ilha Países % Correto
Nova Guiné Indonésia
98%
Bornéu Indonésia
98%
Timor Indonésia
98%
Sebatik Indonésia
98%
Bornéu Malásia
96%
Sebatik Malásia
96%
Nova Guiné Papua Nova Guiné
94%
Timor Timor-Leste
94%
Irlanda Irlanda
91%
Irlanda Reino Unido
89%
Chipre Reino Unido (Acrotíri e Deceleia)
89%
Chipre Chipre
87%
Tierra del Fuego Argentina
85%
Bornéu Brunei
85%
Hispaniola Haiti
85%
Tierra del Fuego Chile
83%
Hispaniola República Dominicana
83%
Saint Martin França (São Martinho)
64%
Saint Martin Países Baixos (Sint Maarten)
45%
Usedom Polônia
30%
Usedom Alemanha
26%
Nenhum quiz correspondente encontrado
Distribuição das Pontuações
Porcentagem de Pessoas com Cada Pontuação
Percentil de Números Respondidos
Sua Pontuação Histórica
Você não jogou esse quiz